000 00554nam a2200193Ia 4500
003 GCL
008 140319s9999 xx 000 0 ara d
040 _aGCL /
_cGCL
082 0 4 _aد
_b050
100 1 _aشوقى جلال
245 1 0 _aعندما تغير العالم ( عالم المعرفة 185 ) /
_cشوقى جلال
700 1 _aليلى الجبالى
700 1 _aجيمس، بيرك
300 _a464 ص
490 _aعالم المعرفة
_v0
650 0 4 _aالتطور
650 0 4 _aالعالم والحضارة
942 _2ddc
_cBK
999 _c50328
_d50328